|
|
|
|
| LEADER |
00921nam a2200205 i 4500 |
| 003 |
GR-PaULI |
| 005 |
20210727123301.0 |
| 008 |
201014s1994 gr ||||| |||| 00| 0 eng d |
| 952 |
|
|
|0 0
|1 0
|2 ddc
|4 0
|6 121_000000000000000_ΒΟΓ
|7 0
|9 244472
|a LISP
|b LISP
|c DON
|d 2020-10-14
|e ΓΑΛ
|i 143437
|l 0
|o 121 ΒΟΓ
|p 025000269657
|r 2020-10-14 00:00:00
|t 1
|v 2020.00
|w 2020-10-14
|y BKN
|
| 999 |
|
|
|c 147551
|d 147551
|
| 040 |
|
|
|a GR-PaULI
|b gre
|c GR-PaULI
|e AACR2
|
| 082 |
0 |
4 |
|2 23
|a 121
|
| 100 |
1 |
|
|a Βογιατζόγλου, Βάσος Η.,
|d 1935-
|e συγγραφέας
|9 131363
|
| 245 |
1 |
0 |
|a Κάλλιστη γνώση :
|b δρόμοι παράλληλοι για την αλήθεια /
|c Βάσος Η. Βογιατζόγλου.
|
| 260 |
|
|
|a Αθήνα:
|b Φιλιππότη,
|c 1994.
|
| 300 |
|
|
|a 108 σ.;
|b 21 εκ.
|
| 650 |
|
4 |
|a Αλήθεια
|9 7962
|
| 650 |
|
4 |
|9 3620
|a Γνώση, Θεωρία της
|
| 942 |
|
|
|2 ddc
|c BKN
|
| 998 |
|
|
|c ΣΑΤΛΑΝΗΣ
|d 2020-10
|